Mastering business english in marketing workbook

Saved in:
Bibliographic Details
Main Author: Hrivíková, Tatiana, 1959-
Other Authors: Kramplová, Gabriela, Laskovičová, Tatiana
Format: Book
Language:English
Slovak
Published: Bratislava Vydavateľstvo EKONÓM 1998
Subjects:
Tags: Add Tag
No Tags, Be the first to tag this record!

MARC

LEADER 00000nam$a2200000$$$4500
001 0038381
005 20240111125102.8
020 |a 80-225-1025-4 
020 |a 80-225-1026-2 
041 0 |a eng 
041 0 |a slo 
044 |a SK 
245 1 0 |a Mastering business english in marketing  |b workbook  |c Tatiana Hrivíková, Gabriela Kramplová, Tatiana Laskovičová 
264 1 |a Bratislava  |b Vydavateľstvo EKONÓM  |c 1998 
300 |a 60 s. 
610 2 0 |a jazykoveda 
610 2 0 |a terminológia 
610 2 0 |a jazyky cudzie 
610 2 0 |a obchod 
610 2 0 |a marketing 
100 1 |a Hrivíková, Tatiana, 1959- 
700 1 |a Kramplová, Gabriela 
700 1 |a Laskovičová, Tatiana